| 000 | 00693nam a2200205 a 4500 | ||
|---|---|---|---|
| 001 | 1389 | ||
| 003 | BR-CuiBMT | ||
| 005 | 20231206194323.0 | ||
| 008 | 231206s2011 dfba 000 0 por d | ||
| 040 |
_aBR-CuiBMT _cBR-CuiBMT |
||
| 080 |
_22007 _a324 _x(81)(58) |
||
| 090 |
_a324(81)(058) _bB823r |
||
| 110 | 1 |
_aBrasil _bTribunal Superior Eleitoral |
|
| 245 | 1 | 0 |
_aRelatório das eleições 2010 / _cOrganização: Assessoria de Gestão Estratégica . |
| 260 |
_aBrasília : _bTribunal Superior Eleitoral, _c2011. |
||
| 300 |
_a724 p. ; _bil. color. _c23 cm |
||
| 650 |
_a Eleições (2010) _v Relatório _zBrasil |
||
| 650 |
_aEleições municipais _x Estatísticas _zBrasil |
||
| 942 |
_2udc _cLV |
||
| 999 |
_c1389 _d1389 |
||